Catalog

Record Details

Catalog Search



Dynamics of Spiritual life :  An Evangelical Theology of Renewal /  Richard F. Lovelace Cover Image Book Book

Dynamics of Spiritual life :  An Evangelical Theology of Renewal /  Richard F. Lovelace

Record details

  • ISBN: 978-0-8308-5288-8
  • Physical Description: 455 s.
  • Edition: Expanded Edition 
  • Publisher: Downers Grove, Illinois :  IVP Academic ,  1979

Available copies

  • 1 of 1 copy available at Common Catalog SPOK.

Holds

  • 0 current holds with 1 total copy.
Show All Copies
Location Call Number / Copy Notes Barcode Shelving Location Status Due Date
ETS Library 230.04624 424470020759 Volný výběr Available -

LDR nam a22 i 4500
00158038
003CZ-PrJAB
00520241023152610.0
007ta
008241023s1979 us e 000 0 eng
020 . ‡a978-0-8308-5288-8
040 . ‡aABG450 ‡bcze ‡erda
08214. ‡a230.04624
1001 . ‡aLovelace, Richard F.
24510. ‡aDynamics of Spiritual life :  ‡bAn Evangelical Theology of Renewal /  ‡nRichard F. Lovelace
250 . ‡aExpanded Edition 
264 1. ‡aDowners Grove, Illinois :  ‡bIVP Academic ,  ‡c1979
300 . ‡a455 s.
336 . ‡atext ‡btxt ‡2rdacontent
338 . ‡asvazek ‡bnc ‡2rdacarrier
910 . ‡aABG450
901 . ‡a58038 ‡bAUTOGEN ‡c58038 ‡tbiblio

Additional Resources